Statistiques concernant Sadi Carnot et sa présidence

Cliquez ici pour prendre le quiz!

Statistiques générales

  • Ce quiz a été pris 28 fois
  • Le résultat moyen est 9 sur 20

Statistiques - réponses

GroupeIndicesRéponses% Correct
PrésidenceEvènement qui mit fin à son mandat ainsi qu'à sa vieAssassinat
100%
BiographieHomme d'Etat qu'il estimait, connu pour ses lois sur l'école, contre lequel il se présenta en 1887Jules Ferry
88%
PrésidenceAffaire de corruption touchant à la construction d'un célèbre canalScandale de {Panama}
85%
PrésidenceNationalité du responsableItalien
73%
PrésidenceTsar dont il se rapprocha, notamment avec les premiers emprunts russesAlexandre III
69%
PrésidenceAgitation politique organisée autour du Général Boulanger, culminant en 1889Crise boulangiste
69%
PrésidenceGroupe politique lors de son électionRépublicains modérés
69%
BiographieGrandes écoles fréquentéesÉcole polytechnique
58%
Présidence
Président du Conseil et successeur
Jean Casimir-Perier
46%
BiographieLieu de sépulture vers lequel il avait quelques années avant fait transférer son grand-pèrePanthéon
42%
FamilleGrand-père (mathématicien)Lazare Carnot
38%
BiographieProfession de formationIngénieur des ponts et chaussées
35%
PrésidenceLois votées en 1893-1894 pour lutter contre l'anarchismeLois scélérates
35%
BibliographieTexte relatif à l'inauguration du port d'une sous-préfecture du Pas-de-CalaisRade et port de {Boulogne}
31%
BibliographieDiscours de 1888 commémorant le prélude d'un évènement historique d'ampleurCentenaire de la {Révolution} dauphinoise
27%
Citations{La} {Commune} est une insurrection injustifiable contre la souveraineté nationale.
27%
BiographieGrandes écoles fréquentéesÉcole des ponts et chaussées
15%
CitationsJe souffre. Il vaut mieux {me} {laisser}.
12%
FamillePère (homme politique)Hippolyte Carnot
8%
BiographieDépartement dont il fut député pendant plus de quinze ansCôte-d'Or
4%

Distribution des résultats

Percentile par nombre de réponses

% des personnes avec chaque résultat

Votre développement - résultats

Vous n’avez pas pris ce quiz